000 00605cam a2200145 4500500
005 20251228093424.0
041 _afre
042 _adc
100 1 0 _aBerezhnaya, Lilya
_eauthor
245 0 0 _aValerie A. KIVELSON, Robert H. GREEN, eds. Orthodox Russia Belief and Practice under the Tsars University Park: The Pennsylvania State University Press, 2003, 292p.
260 _c2005.
500 _a18
786 0 _nCahiers du monde russe | Vol 46 | 4 | 2005-11-01 | p. 859g-990g | 1252-6576
856 4 1 _uhttps://shs.cairn.info/revue-cahiers-du-monde-russe-2005-4-page-859g?lang=fr&redirect-ssocas=7080
999 _c1604334
_d1604333